| 000 | 00381nam a2200109Ia 4500 | ||
|---|---|---|---|
| 008 | 171211s9999 xx 000 0 und d | ||
| 245 | _aSingle-Page-Web-Apps: JavaScript im Einsatz: Webseiten erstellen mit AngularJS, Meteor und jQuery Mobile | ||
| 245 | _cHeiko Spindler | ||
| 260 | _c2014 | ||
| 650 | _xWeb Development | ||
| 856 | _uhttp://down.ebook777.com/014/3645603107Single.pdf | ||
| 999 |
_c350060 _d350060 |
||